Grecka imigracja według państw - Statystyki

Ogólne statystyki
  • Ten quiz został rozwiązany 116 razy
  • Średni wynik to 15 z 20
Statystyki odpowiedzi
Ludzie Państwo % Poprawnych
34 081 Turcja
100%
116 644 Niemcy
93%
15 975 Polska
91%
55 281 Rosja
89%
446 614 Albania
87%
74 359 Bułgaria
87%
28 834 Egipt
86%
23 297 Stany Zjednoczone
86%
19 846 Ukraina
86%
18 033 Wielka Brytania
82%
47 120 Rumunia
79%
42 861 Syria
74%
22 039 Cypr
73%
12 862 Kanada
73%
16 897 Irak
72%
85 065 Gruzja
60%
14 571 Armenia
59%
20 630 Australia
44%
45 293 Afganistan
35%
27 523 Kazachstan
27%
Nie znaleziono quizów pasujących do podanych kryteriów
Rozkład punktacji
Procent ludzi z każdym wynikiem
Percentyl według liczby udzielonych odpowiedzi
Twoja historia wyników
Nie rozwiązałeś tego quizu